[Event "Madrid ch 2009-2010 Sub 18"]
[Site "Madrid ESP"]
[Date "2009.12.28"]
[Round "3.7"]
[White "Monge Gilgado, Eva Maria"]
[Black "Madurga López, Ignacio"]
[Result "0-1"]
[WhiteElo "1755"]
[BlackElo "1903"]
[PlyCount "78"]
[EventDate "2009.12.26"]
[EventType "swiss"]
[EventRounds "7"]
[EventCountry "ESP"]
[Source "lmi"]
[SourceDate "2009.12.26"]

1. e4 c5 2. Nc3 d6 3. g3 Nc6 4. Bg2 g6 5. f4 Bg7 6. Nf3 e6 7. d3 Rb8 8. O-O
Nge7 9. Be3 Nd4 10. Bf2 Nec6 11. Rb1 Qa5 12. Qd2 Nxf3+ 13. Bxf3 Nd4 14. Bg2 Nb5
15. Be1 Nxc3 16. e5 Qxa2 17. Qxc3 Qxb1 18. Qb3 Qa1 19. Bc6+ Bd7 20. Bxd7+ Kxd7
21. Qb5+ Ke7 22. Ba5 Qa2 23. Bc7 Rhd8 24. exd6+ Rxd6 25. Bxb8 Bd4+ 26. Kg2 Qd5+
27. Rf3 Rb6 28. Qc4 Rxb2 29. Bxa7 b5 30. Qxd5 Rxc2+ 31. Kh3 exd5 32. Rf1 b4 33.
Rb1 Ra2 34. Bb6 Ra6 35. Bc7 Kd7 36. Be5 Bxe5 37. fxe5 Rb6 38. Kg4 b3 39. Kf4
Ke6 0-1

[Event "Madrid ch 2009-2010 Sub 18"]
[Site "Madrid ESP"]
[Date "2009.12.28"]
[Round "3.8"]
[White "Corisco Beltran, Rafael"]
[Black "Negredo Bahamonde, Miguel Angel"]
[Result "0-1"]
[WhiteElo "1822"]
[BlackElo "1763"]
[PlyCount "64"]
[EventDate "2009.12.26"]
[EventType "swiss"]
[EventRounds "7"]
[EventCountry "ESP"]
[Source "lmi"]
[SourceDate "2009.12.26"]

1. e4 c5 2. Nf3 d6 3. d4 cxd4 4. Nxd4 Nf6 5. Nc3 a6 6. Be3 e5 7. Nb3 Be6 8. f3
Nbd7 9. g4 b5 10. g5 Nh5 11. Qd2 Be7 12. Rg1 Nb6 13. Qf2 Rb8 14. O-O-O Nc4 15.
Nd5 Bxd5 16. exd5 Nxe3 17. Qxe3 O-O 18. Nd2 Qc7 19. Ne4 Rfc8 20. Rd2 Kh8 21.
Bh3 Rf8 22. Bg4 Nf4 23. h4 a5 24. Ng3 b4 25. Ne2 Nxe2+ 26. Rxe2 Qc4 27. b3 Qxd5
28. f4 f5 29. gxf6 Bxf6 30. Bf3 exf4 31. Bxd5 fxe3 32. Rxe3 Bd4 0-1

[Event "Madrid ch 2009-2010 Sub 18"]
[Site "Madrid ESP"]
[Date "2009.12.29"]
[Round "4.1"]
[White "Tejedor Ariza, Francisco"]
[Black "Nieto de la Cruz, Julio"]
[Result "1-0"]
[WhiteElo "2124"]
[BlackElo "2125"]
[PlyCount "91"]
[EventDate "2009.12.26"]
[EventType "swiss"]
[EventRounds "7"]
[EventCountry "ESP"]
[Source "lmi"]
[SourceDate "2009.12.26"]

1. e4 c5 2. Nf3 d6 3. d4 Nf6 4. Nc3 cxd4 5. Nxd4 g6 6. Be3 a6 7. f3 Bg7 8. Bc4
Nbd7 9. Qd2 b5 10. Bb3 Bb7 11. h4 h5 12. O-O-O Ne5 13. Qe2 Qc7 14. Rhe1 Nc4 15.
Ndxb5 axb5 16. Nxb5 Qa5 17. Qxc4 O-O 18. Nc3 Ba6 19. Qd4 Ng4 20. Qb6 Bxc3 21.
bxc3 Qa3+ 22. Kd2 Ne5 23. Qd4 Rfc8 24. Bh6 Kh7 25. Bg5 f6 26. Be3 Nc4+ 27. Bxc4
Rxc4 28. Qd3 Rac8 29. Rc1 Rxc3 30. Qd5 Rxc2+ 31. Rxc2 Qb4+ 32. Kd1 Qb1+ 33. Rc1
Rxc1+ 34. Bxc1 Qb4 35. Qf7+ Kh8 36. Qf8+ Kh7 37. Qxe7+ Kg8 38. Qxf6 Qa4+ 39.
Kd2 Qa5+ 40. Qc3 Qb5 41. Bb2 Kf7 42. Qg7+ Ke8 43. Qxg6+ Kd8 44. Bf6+ Kc7 45.
Qf7+ Kc8 46. Rc1+ 1-0

[Event "Madrid ch 2009-2010 Sub 18"]
[Site "Madrid ESP"]
[Date "2009.12.29"]
[Round "4.2"]
[White "Fernandez Lledo, Javier"]
[Black "Adan Bermudez, Sergio"]
[Result "0-1"]
[WhiteElo "2064"]
[BlackElo "2277"]
[PlyCount "78"]
[EventDate "2009.12.26"]
[EventType "swiss"]
[EventRounds "7"]
[EventCountry "ESP"]
[Source "lmi"]
[SourceDate "2009.12.26"]

1. e4 c5 2. Nf3 e6 3. d4 cxd4 4. Nxd4 a6 5. Bd3 Bc5 6. Nb3 Ba7 7. Qe2 Nc6 8.
O-O d6 9. Rd1 Qh4 10. Be3 Bxe3 11. Qxe3 Nf6 12. N1d2 Ne5 13. Be2 Bd7 14. Na5
Bc6 15. Nxc6 bxc6 16. Nf3 Qxe4 17. Rxd6 Qxe3 18. fxe3 Nfg4 19. Rad1 Ke7 20.
Nxe5 Nxe5 21. Kf2 a5 22. R6d4 Rhb8 23. b3 c5 24. Rh4 h6 25. a4 Rb4 26. Rxb4
cxb4 27. Rd4 Rc8 28. Bc4 g5 29. Ke2 Rc5 30. Bd3 f5 31. h3 h5 32. h4 g4 33. g3
Nxd3 34. Kxd3 e5 35. Rc4 Kd6 36. e4 fxe4+ 37. Kxe4 Rxc4+ 38. bxc4 Kc5 39. Kxe5
Kxc4 0-1

[Event "Madrid ch 2009-2010 Sub 18"]
[Site "Madrid ESP"]
[Date "2009.12.29"]
[Round "4.3"]
[White "Gemy Vargas, Daniel Jose"]
[Black "Garcia Amodia, Daniel"]
[Result "1-0"]
[WhiteElo "2187"]
[BlackElo "2002"]
[PlyCount "99"]
[EventDate "2009.12.26"]
[EventType "swiss"]
[EventRounds "7"]
[EventCountry "ESP"]
[Source "lmi"]
[SourceDate "2009.12.26"]

1. d4 Nf6 2. Nf3 g6 3. c4 Bg7 4. g3 O-O 5. Bg2 d6 6. O-O Nc6 7. Nc3 a6 8. d5
Ne5 9. Nxe5 dxe5 10. b3 Rb8 11. a4 a5 12. Ba3 Re8 13. Rc1 Bh6 14. Rc2 Bf5 15.
e4 Bd7 16. Ne2 e6 17. d6 c6 18. Bb2 Nh5 19. Bxe5 f6 20. Bc3 e5 21. Bd2 Bf8 22.
c5 Be6 23. Nc1 f5 24. exf5 Bxf5 25. Rb2 Nf6 26. Qe1 Nd5 27. Bxa5 Qd7 28. Re2
Bg7 29. Qd2 e4 30. Rfe1 Ra8 31. Bxe4 Bxe4 32. Rxe4 Rf8 33. Bb4 Qf5 34. Nd3 g5
35. Qc2 Nf6 36. Qc4+ Kh8 37. Re5 Qg6 38. Re6 Qh5 39. h4 gxh4 40. Qxh4 Qf3 41.
R6e3 Qd5 42. Nf4 Qf5 43. Bc3 Kg8 44. Re7 Rf7 45. Rxf7 Kxf7 46. Re7+ Kg8 47.
Rxg7+ Kxg7 48. Nh5+ Kg6 49. Qxf6+ Qxf6 50. Bxf6 1-0

[Event "Madrid ch 2009-2010 Sub 18"]
[Site "Madrid ESP"]
[Date "2009.12.29"]
[Round "4.4"]
[White "Madurga López, Ignacio"]
[Black "Collado Barbas, Laura"]
[Result "1/2-1/2"]
[WhiteElo "1903"]
[BlackElo "2104"]
[PlyCount "86"]
[EventDate "2009.12.26"]
[EventType "swiss"]
[EventRounds "7"]
[EventCountry "ESP"]
[Source "lmi"]
[SourceDate "2009.12.26"]

1. e4 e6 2. d4 d5 3. Nc3 Nf6 4. Nf3 Nc6 5. e5 Ne4 6. Bd3 Bb4 7. Bd2 Nxd2 8.
Qxd2 f6 9. a3 Be7 10. O-O-O O-O 11. h4 a6 12. h5 fxe5 13. dxe5 Nxe5 14. Kb1
Nxd3 15. Qxd3 c5 16. Ne5 h6 17. Ng6 Rf7 18. f4 c4 19. Qe3 b5 20. Ne5 Rf8 21.
Nxd5 exd5 22. Nc6 Bc5 23. Qxc5 Qf6 24. Ne7+ Kh7 25. Qxd5 Bg4 26. Qe4+ Bf5 27.
Nxf5 Qxf5 28. Rhe1 Qxe4 29. Rxe4 Rad8 30. Kc1 Kg8 31. Rxd8 Rxd8 32. Re6 Rd5 33.
g4 a5 34. Re4 a4 35. Re5 Rxe5 36. fxe5 Kf7 37. Kd2 Ke6 38. c3 Kxe5 39. Ke3 Ke6
40. Ke4 Kf6 41. Kf4 g5+ 42. Ke4 Ke6 43. Kd4 Kd6 1/2-1/2

[Event "Madrid ch 2009-2010 Sub 18"]
[Site "Madrid ESP"]
[Date "2009.12.29"]
[Round "4.5"]
[White "Negredo Bahamonde, Miguel Angel"]
[Black "Martin Duque, Jesus"]
[Result "1-0"]
[WhiteElo "1763"]
[BlackElo "2020"]
[PlyCount "61"]
[EventDate "2009.12.26"]
[EventType "swiss"]
[EventRounds "7"]
[EventCountry "ESP"]
[Source "lmi"]
[SourceDate "2009.12.26"]

1. e4 e6 2. d4 d5 3. Nc3 Bb4 4. exd5 exd5 5. Bd3 Ne7 6. Qf3 Nbc6 7. Nge2 Be6 8.
a3 Bxc3+ 9. bxc3 Qd7 10. Rb1 O-O-O 11. O-O h5 12. h3 f6 13. Nf4 Bf7 14. Bb5 Bg6
15. Nd3 Bxd3 16. Qxd3 b6 17. a4 Qe6 18. Ba3 Qe4 19. Qd2 Qg6 20. Rfe1 Qf7 21.
Re2 Kb7 22. Qd3 a5 23. Ba6+ Ka7 24. Bb5 Kb7 25. Ba6+ Ka7 26. Qg3 Ng6 27. Bd3
Rh6 28. Be7 Ngxe7 29. Qxc7+ Ka8 30. Rxb6 Nc8 31. Ra6+ 1-0

[Event "Madrid ch 2009-2010 Sub 18"]
[Site "Madrid ESP"]
[Date "2009.12.29"]
[Round "4.6"]
[White "Suarez Uriel, Adrian"]
[Black "Pablos Tenrero, Raquel"]
[Result "1-0"]
[WhiteElo "2119"]
[BlackElo "1859"]
[PlyCount "61"]
[EventDate "2009.12.26"]
[EventType "swiss"]
[EventRounds "7"]
[EventCountry "ESP"]
[Source "lmi"]
[SourceDate "2009.12.26"]

1. e4 e5 2. Nf3 Nc6 3. Bb5 a6 4. Ba4 Nf6 5. O-O Be7 6. d3 d6 7. h3 O-O 8. Bb3
Na5 9. Nc3 Nxb3 10. axb3 c6 11. Be3 Be6 12. d4 exd4 13. Nxd4 d5 14. exd5 cxd5
15. Qf3 Qd7 16. Rfe1 Bb4 17. Nde2 Qc6 18. Bd4 Ne4 19. Red1 Rfd8 20. Ng3 Nxc3
21. bxc3 Bc5 22. Nh5 Bxd4 23. Rxd4 Qc7 24. Qe3 Qe7 25. Re1 Qf8 26. Qg5 h6 27.
Qg3 Bf5 28. Re2 Bg6 29. Nf4 Rd6 30. Nxd5 Rad8 31. Ne7+ 1-0

[Event "Madrid ch 2009-2010 Sub 18"]
[Site "Madrid ESP"]
[Date "2009.12.29"]
[Round "4.7"]
[White "Morona Minguez, Irene"]
[Black "Rubio Campos, Juan"]
[Result "0-1"]
[WhiteElo "1844"]
[BlackElo "1771"]
[PlyCount "54"]
[EventDate "2009.12.26"]
[EventType "swiss"]
[EventRounds "7"]
[EventCountry "ESP"]
[Source "lmi"]
[SourceDate "2009.12.26"]

1. e4 c5 2. Nf3 e6 3. d4 cxd4 4. Nxd4 Nf6 5. Nc3 d6 6. g4 h6 7. h4 Nc6 8. Rg1
d5 9. Bb5 Bd7 10. exd5 Nxd5 11. Nxd5 exd5 12. g5 hxg5 13. Bxg5 f6 14. Be3 Rxh4
15. Be2 Qa5+ 16. Bd2 Rxd4 17. Bd3 Qc7 18. Qh5+ Kd8 19. Qh8 Qe5+ 20. Be3 Kc7 21.
O-O-O Ra4 22. Bc5 Bxc5 23. Qxa8 Rxa2 24. c3 Ba3 25. Rd2 Qxc3+ 26. Kd1 Ra1+ 27.
Ke2 Qe5+ 0-1

[Event "Madrid ch 2009-2010 Sub 18"]
[Site "Madrid ESP"]
[Date "2009.12.29"]
[Round "4.8"]
[White "Cavalle Pulla, Daniel"]
[Black "Monge Gilgado, Eva Maria"]
[Result "1-0"]
[WhiteElo "1812"]
[BlackElo "1755"]
[PlyCount "73"]
[EventDate "2009.12.26"]
[EventType "swiss"]
[EventRounds "7"]
[EventCountry "ESP"]
[Source "lmi"]
[SourceDate "2009.12.26"]

1. e4 c5 2. Nf3 d6 3. c3 Nf6 4. Be2 Nxe4 5. Qa4+ Bd7 6. Qxe4 Nc6 7. O-O e6 8.
d4 d5 9. Qe3 c4 10. b3 cxb3 11. axb3 Qc7 12. Ba3 Bxa3 13. Nxa3 a6 14. Rfc1 Qd6
15. c4 Nb4 16. c5 Qc7 17. Nb5 Bxb5 18. Bxb5+ Ke7 19. Qg5+ Kf8 20. Qd2 Nc6 21.
Bxc6 bxc6 22. Ra5 Qb7 23. Qa2 Ke7 24. Ra1 Rhb8 25. Nd2 Qb4 26. Qb2 Qb7 27. R1a4
Ra7 28. Qc2 Qc7 29. Rxa6 Rxa6 30. Rxa6 Qf4 31. Qc3 Qg4 32. f3 Qh4 33. g3 Qg5
34. Rxc6 Ra8 35. Rc7+ Kf6 36. Nf1 Ra2 37. Qe3 1-0

[Event "Madrid ch 2009-2010 Sub 18"]
[Site "Madrid ESP"]
[Date "2009.12.30"]
[Round "5.1"]
[White "Adan Bermudez, Sergio"]
[Black "Tejedor Ariza, Francisco"]
[Result "1-0"]
[WhiteElo "2277"]
[BlackElo "2124"]
[PlyCount "89"]
[EventDate "2009.12.26"]
[EventType "swiss"]
[EventRounds "7"]
[EventCountry "ESP"]
[Source "lmi"]
[SourceDate "2009.12.26"]

1. c4 e5 2. g3 Nf6 3. Bg2 c6 4. a3 d5 5. cxd5 cxd5 6. d4 exd4 7. Nf3 Nc6 8.
Nxd4 Be7 9. O-O O-O 10. Nc3 Be6 11. Bf4 Rc8 12. Rc1 a6 13. Na4 Nxd4 14. Qxd4
Qa5 15. Bd2 Qb5 16. e3 Rc4 17. Rxc4 dxc4 18. Nc3 Qb3 19. Ne2 Rd8 20. Qc3 Qxc3
21. Bxc3 Bd5 22. f3 Bc6 23. Bd4 Nd7 24. Rc1 b5 25. Bc3 Nc5 26. Nd4 Bb7 27. Bb4
Bf8 28. Bf1 Ne6 29. Nxe6 fxe6 30. Ba5 Rd7 31. Be2 Bc5 32. Kf2 Ba7 33. Rd1 Rxd1
34. Bxd1 Kf7 35. g4 e5 36. Bc2 h6 37. Bc7 Kf6 38. h4 Bc5 39. Ba5 g5 40. h5 Bc8
41. Be4 Ke7 42. Ke2 Kd6 43. Bd8 c3 44. b4 Ba7 45. Bxg5 1-0

[Event "Madrid ch 2009-2010 Sub 18"]
[Site "Madrid ESP"]
[Date "2009.12.30"]
[Round "5.2"]
[White "Nieto de la Cruz, Julio"]
[Black "Negredo Bahamonde, Miguel Angel"]
[Result "1-0"]
[WhiteElo "2125"]
[BlackElo "1763"]
[PlyCount "135"]
[EventDate "2009.12.26"]
[EventType "swiss"]
[EventRounds "7"]
[EventCountry "ESP"]
[Source "lmi"]
[SourceDate "2009.12.26"]

1. d4 Nf6 2. c4 g6 3. Nc3 Bg7 4. e4 d6 5. f4 O-O 6. Nf3 c5 7. dxc5 Qa5 8. Bd3
Qxc5 9. Qe2 Nc6 10. Be3 Qa5 11. Rc1 Bd7 12. h3 Nh5 13. Qd2 Ng3 14. Rg1 f5 15.
exf5 Bxf5 16. Bxf5 Nxf5 17. Bf2 Rad8 18. g4 Nh6 19. Ng5 Rde8 20. Ne6 Rf7 21.
Ng5 Rff8 22. Ne6 Rf7 23. Be3 Kh8 24. a3 Ng8 25. Nd5 Qxd2+ 26. Kxd2 Nd8 27. Ng5
e5 28. Nxf7+ Nxf7 29. f5 e4 30. fxg6 hxg6 31. b4 a6 32. Ke2 Bb2 33. Rc2 Bg7 34.
Rf1 Ne5 35. Bd4 Nf3 36. Bxg7+ Kxg7 37. Ke3 Ne5 38. Rf4 Nh6 39. Rxe4 Nhf7 40.
Nc7 Re7 41. Nd5 Re8 42. Ke2 Ng5 43. Re3 Ne6 44. Rcc3 Nd4+ 45. Kd1 Rf8 46. a4
Rf1+ 47. Kd2 Ra1 48. Rxe5 dxe5 49. a5 Ra2+ 50. Kd3 Rh2 51. Ke4 Re2+ 52. Ne3 Nc6
53. Rb3 Kf6 54. b5 Nxa5 55. Rb4 axb5 56. Kf3 Nc6 57. Nd5+ Ke6 58. Kxe2 Nxb4 59.
Nxb4 bxc4 60. Ke3 Kf6 61. h4 Ke6 62. Ke4 Kd6 63. Nc2 c3 64. Kd3 b5 65. Kxc3 Kd5
66. Kd3 e4+ 67. Ke3 Ke5 68. Nd4 1-0

[Event "Madrid ch 2009-2010 Sub 18"]
[Site "Madrid ESP"]
[Date "2009.12.30"]
[Round "5.3"]
[White "Collado Barbas, Laura"]
[Black "Gemy Vargas, Daniel Jose"]
[Result "1/2-1/2"]
[WhiteElo "2104"]
[BlackElo "2187"]
[PlyCount "76"]
[EventDate "2009.12.26"]
[EventType "swiss"]
[EventRounds "7"]
[EventCountry "ESP"]
[Source "lmi"]
[SourceDate "2009.12.26"]

1. d4 Nf6 2. c4 e6 3. Nc3 Bb4 4. Qc2 b6 5. e4 Bb7 6. Bd3 Bxc3+ 7. bxc3 d6 8.
Ne2 Nbd7 9. O-O c5 10. Ng3 h5 11. d5 h4 12. Ne2 Ne5 13. f4 Nxd3 14. Qxd3 exd5
15. exd5 h3 16. g3 b5 17. cxb5 Bxd5 18. c4 Bg2 19. Re1 O-O 20. Bb2 Re8 21. Rad1
Qe7 22. Bxf6 Qxf6 23. Qxd6 Re6 24. Qd2 Rae8 25. Kf2 g5 26. Rb1 Qf5 27. Rbc1 Re4
28. Nc3 Rxe1 29. Rxe1 Rxe1 30. Kxe1 gxf4 31. Qxf4 Qc2 32. Qg5+ Kh8 33. Qh6+ Kg8
34. Qg5+ Kh8 35. Qd2 Qf5 36. Qf4 Qd3 37. Qh6+ Kg8 38. Qg5+ Kh8 1/2-1/2

[Event "Madrid ch 2009-2010 Sub 18"]
[Site "Madrid ESP"]
[Date "2009.12.30"]
[Round "5.4"]
[White "Madurga López, Ignacio"]
[Black "Fernandez Lledo, Javier"]
[Result "1/2-1/2"]
[WhiteElo "1903"]
[BlackElo "2064"]
[PlyCount "114"]
[EventDate "2009.12.26"]
[EventType "swiss"]
[EventRounds "7"]
[EventCountry "ESP"]
[Source "lmi"]
[SourceDate "2009.12.26"]

1. e4 c5 2. Nf3 d6 3. d4 cxd4 4. Qxd4 Nc6 5. Bb5 Bd7 6. Bxc6 Bxc6 7. Nc3 e6 8.
Bg5 Nf6 9. O-O-O Be7 10. Qd3 Qa5 11. Kb1 O-O-O 12. Bd2 Qc7 13. Nd4 a6 14. Rhe1
Nd7 15. Nxc6 Qxc6 16. Nd5 Bf8 17. Nb4 Qc7 18. Qc3 Qxc3 19. Bxc3 Be7 20. Nd3 Nf6
21. Ba5 Rd7 22. e5 Ne8 23. exd6 Bxd6 24. Ne5 Re7 25. Nc4 Bc7 26. Bb4 Rd7 27.
Rxd7 Kxd7 28. Ne5+ Bxe5 29. Rxe5 Nc7 30. c4 Rc8 31. Re3 Ne8 32. b3 b5 33. cxb5
axb5 34. Rf3 f6 35. Rh3 h6 36. Rd3+ Kc7 37. Rc3+ Kb7 38. Rxc8 Kxc8 39. Bf8 h5
40. Kc2 Kd7 41. Kc3 Kc6 42. a4 g5 43. a5 Nc7 44. g3 Kd5 45. Kd3 Na6 46. b4 Nc7
47. Be7 Ke5 48. Bc5 g4 49. Bd4+ Kf5 50. Bb6 Na6 51. Kd4 Kg6 52. Bc5 Kf7 53. Bd6
Ke8 54. Ke4 Kd7 55. Bf8 Ke8 56. Bd6 Kd7 57. Bf8 Ke8 1/2-1/2

[Event "Madrid ch 2009-2010 Sub 18"]
[Site "Madrid ESP"]
[Date "2009.12.30"]
[Round "5.5"]
[White "Garcia Amodia, Daniel"]
[Black "Suarez Uriel, Adrian"]
[Result "0-1"]
[WhiteElo "2002"]
[BlackElo "2119"]
[PlyCount "104"]
[EventDate "2009.12.26"]
[EventType "swiss"]
[EventRounds "7"]
[EventCountry "ESP"]
[Source "lmi"]
[SourceDate "2009.12.26"]

1. e4 c5 2. Nf3 Nc6 3. d4 cxd4 4. Nxd4 Nf6 5. Nc3 e6 6. Nxc6 bxc6 7. Bd3 d5 8.
O-O Be7 9. e5 Nd7 10. f4 c5 11. Kh1 Bb7 12. b3 Qc7 13. Bb2 a6 14. Qe2 Nb6 15.
f5 c4 16. bxc4 Nxc4 17. Bxc4 Qxc4 18. fxe6 fxe6 19. Qxc4 dxc4 20. Ne2 g5 21.
Bd4 Rf8 22. Ng3 Rb8 23. Kg1 Bd5 24. Rfb1 Kf7 25. h3 Kg6 26. a4 Bb4 27. a5 c3
28. Rxb4 Rxb4 29. Bc5 Rfb8 30. Bxb4 Rxb4 31. Ne2 Rc4 32. Ra3 Be4 33. Rxc3 Rxc3
34. Nxc3 Bxc2 35. g4 Kf7 36. Kf2 Ke7 37. Ke3 Kd7 38. Kd4 Kc6 39. Kc4 h6 40. Kd4
Bb3 41. Ne4 Kb5 42. Nf6 Kxa5 43. Kc5 Ka4 44. Ng8 Bd5 45. Nxh6 a5 46. Ng8 Kb3
47. Nf6 Bb7 48. Nd7 a4 49. Kb5 a3 50. Nc5+ Kb2 51. Nd3+ Kb1 52. Nb4 Bg2 0-1

[Event "Madrid ch 2009-2010 Sub 18"]
[Site "Madrid ESP"]
[Date "2009.12.30"]
[Round "5.6"]
[White "Martin Duque, Jesus"]
[Black "Cavalle Pulla, Daniel"]
[Result "1-0"]
[WhiteElo "2020"]
[BlackElo "1812"]
[PlyCount "67"]
[EventDate "2009.12.26"]
[EventType "swiss"]
[EventRounds "7"]
[EventCountry "ESP"]
[Source "lmi"]
[SourceDate "2009.12.26"]

1. e4 e6 2. d4 d5 3. e5 c5 4. c3 Nc6 5. Nf3 Bd7 6. Be2 Nge7 7. Na3 cxd4 8. cxd4
Nf5 9. Nc2 Qb6 10. O-O Be7 11. a3 a5 12. a4 O-O 13. Bb5 Rfd8 14. g4 Nh4 15.
Nxh4 Bxh4 16. Bxc6 Bxc6 17. g5 h6 18. gxh6 g6 19. Ra3 Be7 20. h7+ Kh8 21. Rf3
Bxa4 22. Rxf7 Re8 23. Qd2 Bxc2 24. Qxc2 Qxd4 25. Qxg6 Qxe5 26. Bh6 Bf6 27. Rxf6
Re7 28. Kh1 Qe4+ 29. Qxe4 dxe4 30. Re1 Kxh7 31. Rxe4 Ra6 32. Bf8 Rd7 33. Rh4+
Kg8 34. Rg4+ 1-0

[Event "Madrid ch 2009-2010 Sub 18"]
[Site "Madrid ESP"]
[Date "2009.12.30"]
[Round "5.7"]
[White "Rubio Campos, Juan"]
[Black "Pablos Tenrero, Raquel"]
[Result "1-0"]
[WhiteElo "1771"]
[BlackElo "1859"]
[PlyCount "125"]
[EventDate "2009.12.26"]
[EventType "swiss"]
[EventRounds "7"]
[EventCountry "ESP"]
[Source "lmi"]
[SourceDate "2009.12.26"]

1. e4 e5 2. Nf3 Nc6 3. Bc4 Bc5 4. c3 Nf6 5. d3 d6 6. Bb3 a6 7. h3 Ba7 8. Nbd2
Be6 9. Bc2 O-O 10. O-O Kh8 11. Re1 Ng8 12. Nf1 h6 13. Be3 f5 14. exf5 Bxf5 15.
Bxa7 Rxa7 16. Ne3 Bh7 17. d4 exd4 18. Nxd4 Nxd4 19. Qxd4 Ra8 20. Bxh7 Kxh7 21.
Nd5 Nf6 22. Nf4 Re8 23. Qd3+ Kg8 24. Qc4+ Kh8 25. Qf7 Qd7 26. Rxe8+ Qxe8 27.
Qxc7 Kh7 28. Qxd6 Rd8 29. Qe6 Qb5 30. Qb3 Qf5 31. Ne6 Rd2 32. Rf1 Ne4 33. Nd4
Qf6 34. Nf3 Re2 35. Qxb7 Ng5 36. Nxg5+ Qxg5 37. Qxa6 Rxb2 38. Qd3+ Kh8 39. Rd1
Qf4 40. Qg3 Qxg3 41. fxg3 Rxa2 42. Rc1 Kg8 43. c4 Kf7 44. c5 Ke7 45. c6 Kd8 46.
Rd1+ Kc8 47. Rd7 g5 48. Rh7 Ra3 49. g4 Ra5 50. Rxh6 Kc7 51. Rg6 Rb5 52. Kf2 Re5
53. Kf3 Kb6 54. g3 Ra5 55. h4 Ra3+ 56. Ke4 Rxg3 57. Rxg5 Kxc6 58. Kf4 Rg1 59.
Rf5 Kd6 60. h5 Rh1 61. Kg5 Ke7 62. Kg6 Rd1 63. h6 1-0

[Event "Madrid ch 2009-2010 Sub 18"]
[Site "Madrid ESP"]
[Date "2009.12.30"]
[Round "5.8"]
[White "Corisco Beltran, Rafael"]
[Black "Morona Minguez, Irene"]
[Result "0-1"]
[WhiteElo "1822"]
[BlackElo "1844"]
[PlyCount "107"]
[EventDate "2009.12.26"]
[EventType "swiss"]
[EventRounds "7"]
[EventCountry "ESP"]
[Source "lmi"]
[SourceDate "2009.12.26"]

1. e4 c5 2. Nf3 e6 3. d4 cxd4 4. Nxd4 Nc6 5. Nc3 a6 6. Be3 Nf6 7. f3 Qc7 8. Qd2
Bb4 9. O-O-O Ne5 10. Bf4 d5 11. Nde2 O-O 12. Qd4 Bd6 13. exd5 exd5 14. Nxd5
Nxd5 15. Qxd5 Bf5 16. Nc3 Rfd8 17. Qb3 Be6 18. Qa4 b5 19. Qe4 f6 20. Kb1 Rac8
21. Bd3 g6 22. Bxe5 Bxe5 23. f4 Bf5 24. Qe2 Bxd3 25. Rxd3 Rxd3 26. Qxd3 Bxc3
27. bxc3 Qxc3 28. Qxc3 Rxc3 29. Re1 Kf7 30. Kb2 Rc4 31. g3 Rd4 32. Kc3 Ra4 33.
Kb3 a5 34. Rd1 Rb4+ 35. Kc3 Rc4+ 36. Kb2 Ke6 37. Rd8 h5 38. c3 a4 39. Rb8 Rc5
40. Kc2 Kf5 41. Kd3 Rd5+ 42. Ke3 Kg4 43. Rb6 Rf5 44. Rd6 g5 45. Rd4 gxf4+ 46.
gxf4 Kh3 47. Rd2 Rc5 48. Rb2 Rxc3+ 49. Kd2 Rc5 50. Kd3 f5 51. Kd4 Rc8 52. Rxb5
Kg4 53. Ke3 Rc3+ 54. Kd2 0-1

[Event "Madrid ch 2009-2010 Sub 18"]
[Site "Madrid ESP"]
[Date "2010.01.02"]
[Round "6.1"]
[White "Nieto de la Cruz, Julio"]
[Black "Adan Bermudez, Sergio"]
[Result "1-0"]
[WhiteElo "2125"]
[BlackElo "2277"]
[PlyCount "53"]
[EventDate "2009.12.26"]
[EventType "swiss"]
[EventRounds "7"]
[EventCountry "ESP"]
[Source "lmi"]
[SourceDate "2009.12.26"]

1. d4 Nf6 2. Nf3 d6 3. Bf4 Nbd7 4. e3 g6 5. Be2 Bg7 6. h3 O-O 7. O-O Re8 8. c4
Nh5 9. Bh2 e5 10. Nc3 c6 11. Rc1 Qe7 12. b4 f5 13. c5 dxc5 14. bxc5 exd4 15.
exd4 Nf8 16. Bd6 Qd8 17. Qb3+ Ne6 18. Rfe1 Bf8 19. Bc4 Nhg7 20. Be5 b5 21. Nxb5
cxb5 22. Bd5 Bd7 23. c6 Rc8 24. cxd7 Qxd7 25. Rxc8 Qxc8 26. Bxg7 Kxg7 27. Bxe6
1-0

[Event "Madrid ch 2009-2010 Sub 18"]
[Site "Madrid ESP"]
[Date "2010.01.02"]
[Round "6.2"]
[White "Gemy Vargas, Daniel Jose"]
[Black "Tejedor Ariza, Francisco"]
[Result "1-0"]
[WhiteElo "2187"]
[BlackElo "2124"]
[PlyCount "51"]
[EventDate "2009.12.26"]
[EventType "swiss"]
[EventRounds "7"]
[EventCountry "ESP"]
[Source "lmi"]
[SourceDate "2009.12.26"]

1. d4 d5 2. c4 e6 3. Nc3 Nf6 4. Qc2 c6 5. Nf3 Bd6 6. Bg5 Nbd7 7. e3 O-O 8. Bd3
h6 9. h4 dxc4 10. Bxc4 Re8 11. Bxf6 Qxf6 12. Ne4 Bb4+ 13. Ke2 Qd8 14. a3 Be7
15. g4 Nf8 16. Rag1 b5 17. Ba2 Bb7 18. g5 h5 19. g6 f6 20. Ng3 Rc8 21. b4 a5
22. Nxh5 axb4 23. Nxg7 Bd6 24. Nxe8 Qxe8 25. g7 Nh7 26. Qf5 1-0

[Event "Madrid ch 2009-2010 Sub 18"]
[Site "Madrid ESP"]
[Date "2010.01.02"]
[Round "6.3"]
[White "Suarez Uriel, Adrian"]
[Black "Collado Barbas, Laura"]
[Result "1-0"]
[WhiteElo "2119"]
[BlackElo "2104"]
[PlyCount "175"]
[EventDate "2009.12.26"]
[EventType "swiss"]
[EventRounds "7"]
[EventCountry "ESP"]
[Source "lmi"]
[SourceDate "2009.12.26"]

1. e4 e6 2. d4 d5 3. Nc3 Nc6 4. Nf3 Nf6 5. Bg5 Be7 6. Bxf6 Bxf6 7. e5 Be7 8.
Qd2 f6 9. O-O-O Bd7 10. Kb1 fxe5 11. dxe5 Bb4 12. Qe3 Bxc3 13. Qxc3 Qe7 14. h4
O-O-O 15. Ng5 Rdf8 16. Rd2 g6 17. Qg3 h6 18. Nf3 Qg7 19. Bd3 g5 20. hxg5 hxg5
21. Re1 g4 22. Nh2 Qh6 23. Nf1 Rf4 24. b3 Qf8 25. Nh2 Rg8 26. Nf1 a5 27. Qe3 a4
28. Ng3 d4 29. Qe2 Rg5 30. Qf1 Qb4 31. Rde2 a3 32. c4 Qa5 33. Qh1 Rf8 34. Qh6
Rgg8 35. Qd2 Qxd2 36. Rxd2 Rg5 37. Rde2 Nb4 38. Rd1 c5 39. Ne4 Rh5 40. Nxc5
Nxd3 41. Nxd3 Bc6 42. Nc5 Bxg2 43. Nxe6 Rfh8 44. Nxd4 Rd8 45. e6 Rh7 46. Kc1 b6
47. e7 Re8 48. Rde1 Kd7 49. Nf5 Bf3 50. Rd2+ Kc7 51. Re3 Rh1+ 52. Kc2 Rh7 53.
Kc3 Bc6 54. Rde2 Bf3 55. Re1 Bc6 56. Nd4 Rf7 57. Nxc6 Kxc6 58. R1e2 Rf4 59. Re4
Rf3+ 60. Kb4 g3 61. fxg3 Rxg3 62. Kxa3 Rg5 63. Rf4 Rgg8 64. Re3 Rh8 65. b4 Rh7
66. Rf6+ Kc7 67. Rfe6 Rh4 68. R3e4 Rh3+ 69. Ka4 Rh2 70. Kb5 Rxa2 71. Rc6+ Kd7
72. Rxb6 Kc7 73. Rc6+ Kd7 74. Kc5 Rh2 75. Rd6+ Kc7 76. b5 Rh5+ 77. Rd5 Rh6 78.
Rde5 Rg6 79. Re6 Rg5+ 80. R4e5 Rg1 81. b6+ Kb7 82. Rd6 Rc8+ 83. Kd5 Re8 84. Ke6
Rg7 85. Kd7 Rgg8 86. c5 Rh8 87. Rf6 Rhg8 88. Ref5 1-0

[Event "Madrid ch 2009-2010 Sub 18"]
[Site "Madrid ESP"]
[Date "2010.01.02"]
[Round "6.4"]
[White "Fernandez Lledo, Javier"]
[Black "Rubio Campos, Juan"]
[Result "1-0"]
[WhiteElo "2064"]
[BlackElo "1771"]
[PlyCount "87"]
[EventDate "2009.12.26"]
[EventType "swiss"]
[EventRounds "7"]
[EventCountry "ESP"]
[Source "lmi"]
[SourceDate "2009.12.26"]

1. e4 e5 2. Nf3 Nf6 3. Nxe5 d6 4. Nf3 Nxe4 5. Nc3 Nxc3 6. dxc3 Be7 7. Be3 O-O
8. Qd2 Nd7 9. O-O-O Nc5 10. Bc4 Be6 11. Bxe6 Nxe6 12. h4 b5 13. Ng5 Re8 14. Qd3
Nf8 15. Qxb5 Rb8 16. Qd5 Bxg5 17. Qxg5 Qc8 18. Bd4 Ne6 19. Qg4 Nxd4 20. Rxd4
Qa6 21. a3 Qb6 22. b3 Qc5 23. Kb2 Qe5 24. Rh3 f5 25. Qf4 Qe6 26. Re3 Qd7 27.
Rd5 Rxe3 28. fxe3 Rb5 29. c4 Rxd5 30. cxd5 Qf7 31. Qd4 h6 32. Qxa7 Qxd5 33.
Qxc7 Qxg2 34. Qc8+ Kf7 35. Qxf5+ Ke7 36. h5 Qg3 37. Qe4+ Kd7 38. a4 Qg5 39. Qf3
Qe5+ 40. Ka2 Qc3 41. Qf2 Kd8 42. Qf8+ Kd7 43. Qf5+ Kd8 44. a5 1-0